00447nam a2200121Ia 4500008004100000100002100041245005800062245003000120260000900150856007400159999001900233952007300252160531s9999 xx 000 0 und d aWarren, Zachary. aTherapies for Children With Autism Spectrum Disorders cby Zachary Warren, et al. c2011 uhttp://www.ncbi.nlm.nih.gov/books/NBK56343/pdf/Bookshelf_NBK56343.pdf c295527d295527 001040aCLbCLd2016-05-31l0r2016-05-31 00:00:00w2016-05-31yCBE